| 000 | 00585nam a2200193Ia 4500 | ||
|---|---|---|---|
| 003 | GCL | ||
| 008 | 140319s9999 xx 000 0 ara d | ||
| 040 |
_aGCL / _cGCL |
||
| 082 | 0 | 4 |
_a372.414 _bع م |
| 100 | 1 | _aعبدالله على الحصين | |
| 245 | 1 | 0 |
_aمهارات التدريس : دليل التدريب الميدانى / _cعبدالله على الحصين |
| 700 | 1 | _aيس عبدالرحمن قنديل | |
| 300 | _a116 ص | ||
| 490 | _a | ||
| 650 | 0 | 4 | _aالتربية |
| 650 | 0 | 4 | _aالتدريس |
| 650 | 0 | 4 | _aالتربية والتعليم |
| 942 |
_2ddc _cBK |
||
| 999 |
_c45095 _d45095 |
||